| 000 | 00663nam a2200253Ia 4500 | ||
|---|---|---|---|
| 001 | 51649 | ||
| 005 | 20240114005234.0 | ||
| 007 | ta | ||
| 008 | 091106s2005 a g b000 u 465 u | ||
| 020 | _a0-141-02383-x | ||
| 040 | _aCotton College Libra | ||
| 041 | _a465 | ||
| 082 |
_a321.03 _bCi 485 At |
||
| 100 | _aCicero, . | ||
| 245 | 0 |
_aAn Attack On The Enemy Of Freedom / _cCicero. _hTextual Documents |
|
| 250 | _a1st ed. / | ||
| 260 |
_aLondon : _bPenguin Books , _c2005. |
||
| 300 |
_a93 : _bFigures ; |
||
| 653 | _aPol.Sc.,Political Ideas. | ||
| 700 | _aGrant, Michael . | ||
| 942 |
_2ddc _cBK |
||
| 999 |
_c51614 _d51614 |
||